00333 a2200145 4500260001000000100001900010260001100029245007000040300001000110650001500120650001800135260000900153130000700162020001800169 aParis aDEMANGEOT,Jean bMasson aLes espaces naturels tropicaux : (essai de géographie physique) a190p. aGEOGRAPHIE aENVIRONNEMENT c1976 lFR a2-225-44066-2